000 00692nam a22002175i 4500
001 168630
003 ES-MaACL
005 20230906213834.0
008 080425s2007 sp |||| | spa d
020 _a978-84-96885-11-0
080 _a913(460.281)
100 1 _aCarrero Eras, Pedro.
_935704
245 1 0 _aJirueque y vecindades
_b: viaje interior /
_cPedro Carrero Eras.
260 _aGuadalajara :
_bAache,
_c2007.
300 _a101 p. :
_bil. ;
_c21 cm.
490 1 _aViajero a pie ;
_v9
651 4 _aHenares (Valle)-
_xDescripción.
_9137694
830 0 _aViajero a pie ;
_v9
_9222748
852 _aES-MaACL
_jL-29380
_9R.143188
_zDed. autógr. del autor
999 _c168630
_d168630